000 00858nam a2200241 i 4500
001 bg
100 1 _aŚRÓDKA, Wiesław
245 1 0 _aTrzy lekcje metody elementów skończonych :
_bmateriały pomocnicze do przedmiotu wytrzymałość materiałów /
_cWiesław Śródka.
260 _aWrocław :
_bOficyna Wydawnicza Politechniki Wrocławskiej,
_c2004.
300 _a84 s. :
_bil. kolor., rys. ;
_c24 cm.
504 _aBibliogr. s. 84.
650 9 _aMetoda elementów skończonych
655 _aMateriały pomocnicze dla szkół wyższych
015 _aPB 5642/2005
020 _a8370858295
040 _cBPK
041 0 _apol
080 _a519.61/.64(075.8)
920 _a83-7085-829-5
942 _cKS
008 s pl f |000 0 pol
999 _c51688
_d51688
856 _uhttp://koha.tu.koszalin.pl/cgi-bin/koha/opac-detail.pl?biblionumber=51688
_yKatalog online BPK